000
00285nam a22000977a 4500
008
140116b xxu||||| |||| 00| 0 alb d
020
_a
9789928022080
100
1
_a
Lloshi, Xhevat
245
1
0
_a
Stilistika e gjuhës shqipe dhe pragmatika /
_c
Xhevat Lloshi
260
_a
Tiranë :
_b
"albas" ;
_c
2012.
999
_c
398
_d
398